[Event "Commonwealth-ch"]
[Site "Nagpur"]
[Date "2008.10.02"]
[Round "6"]
[White "Ghate, VN."]
[Black "Das, Sayantan"]
[Result "0-1"]
[WhiteElo "1972"]
[BlackElo "2135"]
[PlyCount "104"]
[EventDate "2008.09.28"]
[EventType "swiss"]
[EventRounds "11"]
[EventCountry "IND"]
[SourceTitle "CBM 126 Extra"]
[Source "ChessBase"]
[SourceDate "2008.11.05"]
[SourceVersion "1"]
[SourceVersionDate "2008.11.05"]
[SourceQuality "1"]

1. e4 e5 2. Nf3 Nc6 3. d4 exd4 4. Nxd4 Bc5 5. Be3 Qf6 6. c3 Nge7 7. Bc4 b6 8. 0-0 Bb7 9. Nb5 0-0-0 10. Bxc5 bxc5 11. Nd2 Kb8 12. f4 d5 13. exd5 Nxd5 14. Ne4 Qe6 15. Re1 Qf5 16. Ned6 cxd6 17. Bxd5 a6 18. Qf3 Nd4 19. Nxd4 Qxd5 20. Qxd5 Bxd5 21. c4 Bb7 22. Nf5 d5 23. Rad1 d4 24. b4 cxb4 25. Nxd4 Rhe8 26. Rxe8 Rxe8 27. Kf2 Rc8 28. Rc1 Bd5 29. c5 Bxa2 30. Ra1 b3 31. Nxb3 Bxb3 32. Rb1 Rxc5 33. Rxb3+ Kc7 34. Kf3 a5 35. g3 Kc6 36. Rb8 Rd5 37. Ke4 Rd7 38. Rb3 Kc5 39. Rb8 Kc6 40. Ra8 Kb6 41. Rb8+ Ka6 42. h4 a4 43. h5 Rb7 44. Ra8+ Ra7 45. Rb8 Ka5 46. Kd4 a3 47. Rb1 Ka4 48. Kc3 Rc7+ 49. Kd2 a2 50. Rf1 Ka3 51. Kd3 Kb2 52. Ke2 Rc1 0-1

[Event "Commonwealth-ch"]
[Site "Nagpur"]
[Date "2008.09.28"]
[Round "1"]
[White "Murshed, Niaz"]
[Black "Ghate, VN."]
[Result "1-0"]
[WhiteElo "2437"]
[BlackElo "1972"]
[PlyCount "89"]
[EventDate "2008.09.28"]
[EventType "swiss"]
[EventRounds "11"]
[EventCountry "IND"]
[SourceTitle "CBM 126 Extra"]
[Source "ChessBase"]
[SourceDate "2008.11.05"]
[SourceVersion "1"]
[SourceVersionDate "2008.11.05"]
[SourceQuality "1"]

1. Nf3 Nf6 2. c4 c5 3. g3 g6 4. Bg2 Bg7 5. 0-0 0-0 6. d4 cxd4 7. Nxd4 Nc6 8. Nc3 Nxd4 9. Qxd4 d6 10. Qh4 Re8 11. Bh6 Qa5 12. Bxg7 Kxg7 13. Qd4 Kg8 14. Rfd1 Rb8 15. Nb5 Bg4 16. h3 a6 17. Nxd6 exd6 18. hxg4 Qg5 19. Bf3 Re6 20. Qf4 h6 21. b3 Rbe8 22. e3 b6 23. Rd2 R8e7 24. Rxd6 Rxd6 25. Qxd6 Rd7 26. Qf4 Rd2 27. Rd1 Rxa2 28. Rd8+ Kg7 29. Rd6 b5 30. cxb5 axb5 31. Rb6 Ra5 32. b4 Qxf4 33. gxf4 Ra1+ 34. Kg2 g5 35. fxg5 hxg5 36. Rxb5 Kg6 37. Rb6 Ra4 38. Kg3 Kg7 39. Rb7 Ra3 40. b5 Rb3 41. Bc6 Rb4 42. f3 Rb3 43. e4 Re3 44. Kf2 Rd3 45. e5 1-0

[Event "Maheswaranand Memorial op"]
[Site "Pune"]
[Date "2006.11.02"]
[Round "5"]
[White "Ghate, VN."]
[Black "Mandhare, Hemant Kumar"]
[Result "1-0"]
[WhiteElo "2055"]
[BlackElo "2209"]
[PlyCount "101"]
[EventDate "2006.10.31"]
[EventType "swiss"]
[EventRounds "9"]
[EventCountry "IND"]
[SourceTitle "EXT 2007"]
[Source "ChessBase"]
[SourceDate "2006.11.23"]
[SourceVersion "1"]
[SourceVersionDate "2006.11.23"]
[SourceQuality "1"]

1. e4 e6 2. d4 d5 3. Nd2 c5 4. Ngf3 Nf6 5. e5 Nfd7 6. c3 Nc6 7. Bd3 Qb6 8. 0-0 cxd4 9. cxd4 Nxd4 10. Nxd4 Qxd4 11. Nf3 Qg4 12. h3 Qh5 13. Bf4 Be7 14. Re1 Rg8 15. Kh2 g5 16. g4 Qh6 17. Bd2 Qg7 18. Rc1 a6 19. Qa4 Rb8 20. b4 b5 21. Rxc8+ Rxc8 22. Qxa6 Rd8 23. Bxb5 Kf8 24. Bxd7 Rxd7 25. b5 Qg6 26. b6 h5 27. a4 Kg7 28. gxh5 Qxh5 29. Nxg5 Bxg5 30. Bxg5 Kh7 31. Qd3+ Qg6 32. Qxg6+ Kxg6 33. a5 Ra8 34. Bd2 Kf5 35. Rb1 Rb7 36. Re1 d4 37. f3 Ra6 38. Re4 Rd7 39. Kg2 d3 40. Kf2 Rxa5 41. Bxa5 d2 42. Bxd2 Rxd2+ 43. Re2 Rd8 44. b7 Rb8 45. Rb2 Kxe5 46. Ke3 Kd6 47. Ke4 f6 48. h4 Kc7 49. h5 Kc6 50. h6 Kc7 51. h7 1-0

[Event "Canadian op"]
[Site "Kitchener"]
[Date "2006.07.16"]
[Round "2"]
[White "Kazmaier, Daniel"]
[Black "Ghate, VN."]
[Result "1-0"]
[WhiteElo "2141"]
[BlackElo "2021"]
[PlyCount "66"]
[EventDate "2006.07.15"]
[EventType "swiss"]
[EventRounds "9"]
[EventCountry "CAN"]
[SourceTitle "CBM 113 Extra"]
[Source "ChessBase"]
[SourceDate "2006.09.14"]
[SourceVersion "1"]
[SourceVersionDate "2006.09.14"]
[SourceQuality "1"]

1. e4 c5 2. d4 cxd4 3. c3 d3 4. Bxd3 Nc6 5. f4 d6 6. Nf3 Qc7 7. Be3 Nf6 8. Nbd2 g6 9. h3 Bg7 10. 0-0 0-0 11. g4 b6 12. Qe1 h5 13. Qh4 hxg4 14. Ng5 Rd8 15. Bc4 d5 16. exd5 Nxd5 17. Bxd5 Rxd5 18. hxg4 Nd8 19. Nde4 Qd7 20. f5 gxf5 21. Ng3 f4 22. Rxf4 Rxg5 23. Qxg5 Ne6 24. Qf5 Nxf4 25. Bxf4 Qc6 26. Qh5 Bb7 27. Qh2 Qf3 28. Nh5 Qxg4+ 29. Kf2 Qf3+ 30. Kg1 Rc8 31. Rf1 Qg4+ 32. Kf2 Rc6 33. Rg1 Qf3+ 1-0